Statistics for Are you fast ? Aaabbb speed test

Click here to take the quiz!

General Stats

  • This quiz has been taken 18 times
  • The average score is 8 of 13

Answer Stats

HintAnswer% Correct
AaabbbAaabbb
100%
CccdddCccddd
100%
EeefffEeefff
92%
GgghhhGgghhh
92%
IiijjjIiijjj
83%
KkklllKkklll
75%
MmmnnnMmmnnn
67%
OoopppOooppp
67%
QqqrrrQqqrrr
33%
SsstttSssttt
33%
UuuvvvUuuvvv
25%
WwwxxxWwwxxx
25%
YyyzzzYyyzzz
25%

Score Distribution

Percentile by Number Answered

Percent of People with Each Score

Your Score History

You have not taken this quiz